South African Law Reports (Record no. 2196)

MARC details
000 -LEADER
fixed length control field 00443nam a22001577a 4500
005 - DATE AND TIME OF INPUT
control field 20240719085956.0
008 - DATA ELEMENTS--GENERAL INFORMATION
fixed length control field 240719b |||||||| |||| 00| 0 eng d
041 ## - LANGUAGE CODE
Language code of text English
082 ## - SHELF NUMBER
DDC number 349 SOU
100 ## - MAIN AUTHOR
Language of a work English
245 ## - TITLE STATEMENT
Title South African Law Reports
260 ## - PUBLICATION, DISTRIBUTION, ETC.
Place of publication, distribution, etc. Cape Town:
Name of publisher, distributor, etc. Juta and Company Ltd,
Date of publication, distribution, etc. 1982
300 ## - PHYSICAL DESCRIPTION
Other physical details xx, 980 pages;
Dimensions 26 cm.
650 ## - SUBJECT`
Broad subject Legal practice
Own subject terms Law
942 ## - ADDED ENTRY ELEMENTS (KOHA)
Item type Books
942 ## - ADDED ENTRY ELEMENTS (KOHA)
-- ALISON_BN_VRIES
Holdings
Source of classification or shelving scheme Volume number (bound volume or other part) Not for loan Collection code Home library Current library Shelving location Date acquired Full call number Barcode Price effective from Koha item type
Dewey Decimal Classification January - March 1982 (1)   SOUTH AFRICAN LAW REPORTS LAW SOCIETY OF NAMIBIA LIBRARY - WINDHOEK LAW SOCIETY OF NAMIBIA LIBRARY - WINDHOEK South African Law Reports 07/19/2024 349 SOU LSN/2023/3071 07/19/2024 Books
Dewey Decimal Classification April - June 1982 (2)   SOUTH AFRICAN LAW REPORTS LAW SOCIETY OF NAMIBIA LIBRARY - WINDHOEK LAW SOCIETY OF NAMIBIA LIBRARY - WINDHOEK South African Law Reports 07/19/2024 349 SOU LSN/2023/3072 07/19/2024 Books
Dewey Decimal Classification July - September 1982 (3)   SOUTH AFRICAN LAW REPORTS LAW SOCIETY OF NAMIBIA LIBRARY - WINDHOEK LAW SOCIETY OF NAMIBIA LIBRARY - WINDHOEK South African Law Reports 07/19/2024 349 SOU LSN/2023/3073 07/19/2024 Books
Dewey Decimal Classification October - December 1982 (4)   SOUTH AFRICAN LAW REPORTS LAW SOCIETY OF NAMIBIA LIBRARY - WINDHOEK LAW SOCIETY OF NAMIBIA LIBRARY - WINDHOEK South African Law Reports 07/19/2024 349 SOU LSN/2023/3074 07/19/2024 Books